000 01148cam a2200301 a 4500
001 16380636
003 OSt
005 20160804153919.0
008 100809s2011 enka b 001 0 eng
010 _a 2010033390
020 _a9781441112750 (pbk.)
020 _a9780826427281
040 _aDLC
_cDLC
_dDLC
050 0 0 _aLB2369
_b.O4 2011
082 0 0 _a370.72
_222
100 1 _aO'Hara, Mark.
245 1 0 _aSuccessful dissertations :
_bthe complete guide for education, childhood and early childhood studies students /
_cMark O'Hara...[et al.].
260 _aLondon ;
_aNew York :
_bContinuum International Pub. Group,
_cc2011.
300 _axv, 264 p. :
_bill. ;
_c26 cm.
504 _aIncludes bibliographical references (p. [255]-262) and index.
650 0 _aDissertations, Academic
_xResearch
_xMethodology.
650 0 _aAcademic writing.
650 0 _aEducation
_xResearch
_xMethodology.
650 0 _aEarly childhood education
_xResearch
_xMethodology.
906 _a7
_bcbc
_corignew
_d1
_eecip
_f20
_gy-gencatlg
942 _2lcc
_cBOOKS
999 _c12516
_d12516